Ricostruisci la Carriera del Calciatore - Nicolás Otamendi - Statistics

Statistiche generali
  • Questo quiz è stato fatto 11 volte
  • Il punteggio medio è 3 su 6
Statistiche sulle risposte
Hint Risposta % Corretto
2020- Benfica
75%
2007-2010 Vélez Sarsfield
75%
2014 Atlético Mineiro
50%
2015-2020 Manchester City
25%
2010-2014 Porto
25%
2014-2015 Valencia
25%
Nessun quiz corrispondente trovato
Distribuzione punteggi
Percentuale di utenti per punteggio
Percentile per numero di risposta
I tuoi punteggi nel tempo
Non hai fatto questo quiz